[Event "12th EUR-ch"]
[Site "Aix-les-Bains FRA"]
[Date "2011.03.28"]
[Round "7.106"]
[White "Giffard, Nicolas"]
[Black "Paichadze, Luka"]
[Result "1/2-1/2"]
[WhiteElo "2318"]
[BlackElo "2487"]
[EventDate "2011.03.22"]
[PlyCount "78"]

1.d4 Nf6 2.c4 e6 3.Nc3 Bb4 4.Qb3 c5 5.Nf3 O-O 6.Bg5 Nc6 7.dxc5 h6 8.Bxf6 
Qxf6 9.Rc1 Bxc5 10.e3 Qg6 11.a3 b6 12.Qc2 f5 13.g3 Bb7 14.Bg2 Qf6 15.O-O 
Rac8 16.b4 Be7 17.Qb3 Ba8 18.Rfd1 Rfd8 19.Nb5 Qf8 20.Nfd4 Nxd4 21.Rxd4 
Bxg2 22.Kxg2 a6 23.Nc3 Bf6 24.Rdd1 Rc7 25.Ne2 a5 26.Qa4 axb4 27.axb4 Ra8 
28.Qb3 Qc8 29.Rd2 Rca7 30.Qd1 Ra1 31.Rdc2 Rxc1 32.Qxc1 Qc6+ 33.f3 g5 34.b5
Qb7 35.h3 g4 36.hxg4 fxg4 37.Qf1 Bg5 38.Nf4 Rf8 39.Rf2 Ra8 1/2-1/2

[Event "12th EUR-ch"]
[Site "Aix-les-Bains FRA"]
[Date "2011.03.28"]
[Round "7.107"]
[White "Berescu, Alin-Mile"]
[Black "Daurelle, Herve"]
[Result "1-0"]
[WhiteElo "2481"]
[BlackElo "2268"]
[EventDate "2011.03.22"]
[PlyCount "49"]

1.e4 e5 2.Nf3 Nc6 3.Bb5 a6 4.Ba4 Nf6 5.O-O b5 6.Bb3 Bb7 7.Re1 Bc5 8.c3 d6 
9.d4 Bb6 10.a4 O-O 11.Bg5 h6 12.Bh4 g5 13.Nxg5 hxg5 14.Bxg5 exd4 15.axb5 
axb5 16.Rxa8 Bxa8 17.Qf3 Kg7 18.Qg3 Nh5 19.Qh4 f6 20.Bc1 Rh8 21.Qg4+ Kf8 
22.Bh6+ Ke8 23.Qxh5+ Kd7 24.Qg4+ Ke8 25.Qg7 1-0

[Event "12th EUR-ch"]
[Site "Aix-les-Bains FRA"]
[Date "2011.03.28"]
[Round "7.108"]
[White "Stanciu, Alexandru-Ovidiu"]
[Black "Brunner, Nicolas"]
[Result "1-0"]
[WhiteElo "2308"]
[BlackElo "2478"]
[EventDate "2011.03.22"]
[PlyCount "68"]

1.e4 c5 2.Nf3 d6 3.d4 cxd4 4.Nxd4 Nf6 5.Nc3 a6 6.Bg5 e6 7.Qe2 Nbd7 8.f4 
Qc7 9.O-O-O Be7 10.g4 b5 11.a3 Bb7 12.Bh4 g6 13.Bh3 Rc8 14.g5 Nh5 15.Rhf1 
Qc4 16.Qd2 b4 17.axb4 Qxb4 18.f5 e5 19.Nb3 Nf4 20.Rxf4 exf4 21.f6 Bd8 22.
e5 Rxc3 23.bxc3 Qa3+ 24.Kb1 Be4 25.Na1 Nb6 26.Be1 Nc4 27.Qc1 Qa4 28.Rd4 
Qb5+ 29.Ka2 Qa4+ 30.Kb1 Qb5+ 31.Ka2 d5 32.Rxe4 dxe4 33.Nb3 Nxe5 34.Qxf4 
O-O 1-0

[Event "12th EUR-ch"]
[Site "Aix-les-Bains FRA"]
[Date "2011.03.28"]
[Round "7.109"]
[White "Snuverink, Jochem"]
[Black "Levin, Evgeny"]
[Result "0-1"]
[WhiteElo "2307"]
[BlackElo "2472"]
[EventDate "2011.03.22"]
[PlyCount "118"]

1.e4 c5 2.Nf3 d6 3.d4 cxd4 4.Nxd4 Nf6 5.Nc3 a6 6.Bc4 e6 7.Bb3 b5 8.f4 Bb7 
9.f5 e5 10.Nde2 Nbd7 11.Bg5 Be7 12.Bxf6 Nxf6 13.Ng3 h5 14.Nd5 h4 15.Nf1 
Bxd5 16.Bxd5 Nxd5 17.Qxd5 Rc8 18.O-O-O Qc7 19.Qd3 Bg5+ 20.Kb1 Qc4 21.b3 
Qc5 22.Re1 Qc3 23.Ne3 Qxd3 24.cxd3 h3 25.g3 Kd7 26.Nd5 Rc6 27.Re2 Rhc8 28.
Rhe1 a5 29.a4 b4 30.Kb2 Kd8 31.Rf1 Bc1+ 32.Kb1 Ba3 33.Rd2 Bc1 34.Re2 Bg5 
35.Kb2 f6 36.Rfe1 Ke8 37.Rf1 Bh6 38.Ref2 Kf8 39.Re2 Kf7 40.Ref2 Bg5 41.Re2
Ke8 42.Ref2 Kd8 43.Re2 Bc1+ 44.Kb1 Ba3 45.Rd2 Ke8 46.Re1 Kf7 47.Rf1 Rc1+ 
48.Rxc1 Rxc1+ 49.Ka2 Rg1 50.Rc2 Bc1 51.Rc7+ Kg8 52.Ne7+ Kh7 53.Ng6 Bd2 54.
Rc8 Kh6 55.Nh4 Kh5 56.Nf3 Rg2 57.Kb1 Kg4 58.Nxd2 Rxd2 59.Rc2 Rxd3 0-1

[Event "12th EUR-ch"]
[Site "Aix-les-Bains FRA"]
[Date "2011.03.28"]
[Round "7.110"]
[White "Michalik, Peter"]
[Black "Stockmann, Michael"]
[Result "1-0"]
[WhiteElo "2471"]
[BlackElo "2255"]
[EventDate "2011.03.22"]
[PlyCount "133"]

1.e4 d5 2.exd5 Qxd5 3.Nc3 Qd6 4.d4 c6 5.Nf3 Bg4 6.Be2 Nd7 7.h3 Bh5 8.O-O 
Ngf6 9.Ne5 Bxe2 10.Qxe2 Qxd4 11.Nxd7 Qxd7 12.Rd1 Qc7 13.Bg5 e6 14.Bxf6 
gxf6 15.Rd3 Rd8 16.Rxd8+ Kxd8 17.Qe3 b6 18.Qd4+ Ke7 19.Rd1 Rg8 20.Ne4 Rg6 
21.Nd6 Rg5 22.Qb4 c5 23.Qa4 Rd5 24.Rxd5 exd5 25.Nb5 Qd7 26.Qxa7 Qxa7 27.
Nxa7 Kd6 28.Nb5+ Kc6 29.Nc3 Bd6 30.Kf1 Be5 31.Nd1 d4 32.b3 Kb5 33.a3 c4 
34.Nb2 d3 35.bxc4+ Kc5 36.Nxd3+ Kxc4 37.Ke2 Bd6 38.Nb2+ Kd4 39.Kd2 Bf4+ 
40.Kd1 Bd6 41.a4 Kc3 42.Nd3 Ba3 43.g4 Bd6 44.f3 Bg3 45.Kc1 Bh4 46.f4 Bg3 
47.Kd1 Bh4 48.Ke2 Bg3 49.Kf3 Bh2 50.Kg2 Kxc2 51.Nb4+ Kc3 52.Nd5+ Kd4 53.
Nxb6 Bxf4 54.Kf3 Bc7 55.Nd7 f5 56.g5 Kc4 57.Nf6 h6 58.gxh6 Be5 59.Nd7 Bc3 
60.h7 Kb4 61.Kf4 Bg7 62.Ne5 Kxa4 63.Nxf7 Kb5 64.h4 Kc6 65.h8=Q Bxh8 66.
Nxh8 Kd6 67.Kxf5 1-0

[Event "12th EUR-ch"]
[Site "Aix-les-Bains FRA"]
[Date "2011.03.28"]
[Round "7.111"]
[White "Rouler, Charly"]
[Black "Goganov, Aleksey"]
[Result "1/2-1/2"]
[WhiteElo "2291"]
[BlackElo "2469"]
[EventDate "2011.03.22"]
[PlyCount "65"]

1.d4 Nf6 2.c4 e6 3.Nc3 Bb4 4.Qc2 O-O 5.a3 Bxc3+ 6.Qxc3 Ne4 7.Qc2 f5 8.Nh3 
d6 9.f3 Nf6 10.e3 e5 11.dxe5 dxe5 12.Nf2 c5 13.Be2 Nc6 14.O-O Qe7 15.b3 f4
16.Bd3 g5 17.Ne4 Nh5 18.Nc3 Qg7 19.Be4 Bd7 20.Bd5+ Kh8 21.Ne4 Qe7 22.Bb2 
Ng7 23.exf4 gxf4 24.Bxc6 Bxc6 25.Rfe1 Nf5 26.Nf2 Ne3 27.Qc3 Rae8 28.Ng4 
Nxg4 29.fxg4 Kg8 30.Rxe5 Qxe5 31.Qxe5 Rxe5 32.Bxe5 f3 33.gxf3 1/2-1/2

[Event "12th EUR-ch"]
[Site "Aix-les-Bains FRA"]
[Date "2011.03.28"]
[Round "7.112"]
[White "Geenen, Marc"]
[Black "Bok, Benjamin"]
[Result "0-1"]
[WhiteElo "2289"]
[BlackElo "2463"]
[EventDate "2011.03.22"]
[PlyCount "80"]

1.e4 e5 2.Nf3 Nc6 3.d4 exd4 4.Bc4 d6 5.Nxd4 g6 6.Nc3 Bg7 7.Be3 Nf6 8.f3 
O-O 9.Nxc6 bxc6 10.O-O Re8 11.Qd2 Qe7 12.Rfe1 Be6 13.Bb3 Reb8 14.Bh6 Bh8 
15.Bg5 Qd7 16.Rad1 Ne8 17.e5 d5 18.Na4 Ng7 19.Bf6 Qe8 20.Qf2 a5 21.Nc5 Rb5
22.a4 Rb4 23.c3 Rb6 24.Rd2 Rab8 25.Bd1 Qf8 26.f4 Bc8 27.g4 Ne6 28.Nd3 Ba6 
29.Bxh8 Kxh8 30.Qh4 Qg7 31.b3 Bxd3 32.Rxd3 Nxf4 33.Rde3 g5 34.Qf2 c5 35.
Rf3 c4 36.bxc4 Rb2 37.Qd4 c5 38.Qxc5 Qh6 39.h3 Nxh3+ 40.Kf1 Nf4 0-1

[Event "12th EUR-ch"]
[Site "Aix-les-Bains FRA"]
[Date "2011.03.28"]
[Round "7.113"]
[White "Fantin, Ludwig"]
[Black "Melia, Salome"]
[Result "0-1"]
[WhiteElo "2281"]
[BlackElo "2462"]
[EventDate "2011.03.22"]
[PlyCount "52"]

1.Nf3 Nf6 2.c4 e6 3.Nc3 Bb4 4.Qc2 O-O 5.a3 Bxc3 6.Qxc3 c5 7.b4 b6 8.Bb2 
Qe7 9.e3 d6 10.Be2 e5 11.d3 Bb7 12.O-O Nbd7 13.Rfe1 Rac8 14.b5 Ng4 15.e4 
f5 16.h3 fxe4 17.dxe4 Ngf6 18.Bd3 Nh5 19.Re3 Nf4 20.Kf1 Rf7 21.Rd1 Rcf8 
22.Bc2 Ne6 23.Rd2 Nd4 24.Ne1 Qh4 25.f3 Nf6 26.Nd3 Nxe4 0-1

[Event "12th EUR-ch"]
[Site "Aix-les-Bains FRA"]
[Date "2011.03.28"]
[Round "7.115"]
[White "Dolzhykova, Kateryna"]
[Black "Govciyan, Pavel"]
[Result "0-1"]
[WhiteElo "2265"]
[BlackElo "2434"]
[EventDate "2011.03.22"]
[PlyCount "77"]

1.e4 e5 2.Nf3 Nc6 3.Bb5 g6 4.c3 a6 5.Ba4 d6 6.Bxc6+ bxc6 7.d4 exd4 8.Qxd4 
f6 9.Be3 Bg7 10.h4 Qe7 11.Nbd2 Bd7 12.h5 Nh6 13.O-O-O g5 14.Qc4 Ng4 15.Nd4
Qf7 16.Nf5 Qxc4 17.Nxg7+ Kf7 18.Nxc4 Kxg7 19.Rde1 a5 20.Nd2 Be6 21.Kb1 
Rhb8 22.Nf3 c5 23.e5 dxe5 24.Bxc5 Rb5 25.Be3 Rab8 26.Re2 Nxe3 27.fxe3 g4 
28.Ne1 Rd5 29.Nc2 Rd3 30.e4 Rxc3 31.Ne3 Rb4 32.Rh4 Kh6 33.g3 Kg5 34.Rh1 
Rd3 35.Nc2 Rb6 36.Re3 Rxe3 37.Nxe3 Rb4 38.Nd5 Ra4 39.Nxc7 0-1

[Event "12th EUR-ch"]
[Site "Aix-les-Bains FRA"]
[Date "2011.03.28"]
[Round "7.116"]
[White "Ziska, Helgi Dam"]
[Black "Ermeni, Avni"]
[Result "1-0"]
[WhiteElo "2432"]
[BlackElo "2264"]
[EventDate "2011.03.22"]
[PlyCount "67"]

1.e4 e5 2.Nc3 Nf6 3.Bc4 Nc6 4.d3 Be7 5.f4 d6 6.f5 Nd4 7.Nf3 c6 8.Bb3 g6 9.
Nxd4 exd4 10.Ne2 gxf5 11.exf5 Qa5+ 12.Qd2 Qxf5 13.Nxd4 Qe5+ 14.Qe3 Rg8 15.
O-O Qxe3+ 16.Bxe3 d5 17.Nf5 Bxf5 18.Rxf5 Ng4 19.Bd4 Rg5 20.Raf1 f6 21.h3 
Nh6 22.Rxg5 fxg5 23.c4 dxc4 24.dxc4 Rd8 25.Bxa7 Rd2 26.Re1 Kf7 27.Be3 Rxb2
28.c5+ Kf8 29.Bd4 Rd2 30.Rf1+ Ke8 31.Bg7 Bxc5+ 32.Kh1 Rd6 33.Bf8 Nf7 34.
Rxf7 1-0

[Event "12th EUR-ch"]
[Site "Aix-les-Bains FRA"]
[Date "2011.03.28"]
[Round "7.117"]
[White "Colin, Vincent"]
[Black "Houriez, Clement"]
[Result "1/2-1/2"]
[WhiteElo "2427"]
[BlackElo "2252"]
[EventDate "2011.03.22"]
[PlyCount "97"]

1.d4 Nf6 2.Nf3 e6 3.Bg5 h6 4.Bh4 c5 5.e3 b6 6.Bd3 Bb7 7.Nbd2 cxd4 8.exd4 
Be7 9.O-O O-O 10.Re1 d6 11.c3 Nbd7 12.a4 Re8 13.a5 Rb8 14.axb6 axb6 15.Bb5
Nh5 16.Bg3 Nxg3 17.hxg3 Qc7 18.Qa4 Red8 19.Qc4 Qxc4 20.Nxc4 Nf6 21.Ra7 Kf8
22.Ne3 g6 23.Nc2 Bxf3 24.gxf3 d5 25.Rea1 Ne8 26.Bxe8 Kxe8 27.Kf1 Rdc8 28.
Ke2 b5 29.Kd3 b4 30.cxb4 Bxb4 31.R1a4 Bd6 32.b4 h5 33.f4 h4 34.gxh4 Bxf4 
35.R4a5 Bd6 36.b5 Be7 37.Ne3 Bd8 38.Ng4 Kf8 39.Ne5 Bxa5 40.Nd7+ Ke8 41.
Nxb8 Rxb8 42.Rxa5 Rc8 43.Ra1 Rc4 44.Ra8+ Ke7 45.Ra7+ Kf6 46.f4 Rb4 47.Rb7 
Rb1 48.Kc3 Kg7 49.Kc2 1/2-1/2

[Event "12th EUR-ch"]
[Site "Aix-les-Bains FRA"]
[Date "2011.03.28"]
[Round "7.118"]
[White "Potapov, Alexander"]
[Black "Jadrijevic, Ante"]
[Result "1-0"]
[WhiteElo "2425"]
[BlackElo "2247"]
[EventDate "2011.03.22"]
[PlyCount "75"]

1.d4 d5 2.c4 c6 3.Nc3 Nf6 4.e3 e6 5.Nf3 Nbd7 6.Qc2 Bd6 7.Bd3 dxc4 8.Bxc4 
b5 9.Be2 O-O 10.O-O Bb7 11.Ng5 h6 12.Nge4 Nxe4 13.Nxe4 Be7 14.a4 a6 15.Bd2
f5 16.Ng3 Nf6 17.Bf3 Rc8 18.Qb3 Nd5 19.e4 fxe4 20.Bxe4 Qd7 21.Rae1 Rce8 
22.Bb1 Bf6 23.Qd3 g5 24.Ne4 Be7 25.Qh3 Kg7 26.Bxg5 Bxg5 27.Nxg5 Nf4 28.Qh4
Qe7 29.Re5 c5 30.Rfe1 Rf6 31.Nxe6+ Nxe6 32.d5 Bxd5 33.Rxd5 Qf7 34.Rde5 Nc7
35.Rxe8 Nxe8 36.Qe4 Kf8 37.axb5 axb5 38.Qe5 1-0

[Event "12th EUR-ch"]
[Site "Aix-les-Bains FRA"]
[Date "2011.03.28"]
[Round "7.119"]
[White "Joie, Sebastien"]
[Black "Vedmediuc, Serghei"]
[Result "0-1"]
[WhiteElo "2231"]
[BlackElo "2422"]
[EventDate "2011.03.22"]
[PlyCount "38"]

1.d4 g6 2.c4 Bg7 3.e4 d6 4.Nc3 Nc6 5.Be3 e5 6.d5 Nce7 7.g4 f5 8.gxf5 gxf5 
9.Qh5+ Kf8 10.exf5 Nf6 11.Qf3 e4 12.Qf4 Nxf5 13.Bh3 Bh6 14.Qxh6+ Nxh6 15.
Bxh6+ Kf7 16.O-O-O Rg8 17.Be6+ Bxe6 18.dxe6+ Kxe6 19.Nge2 Ng4 0-1

[Event "12th EUR-ch"]
[Site "Aix-les-Bains FRA"]
[Date "2011.03.28"]
[Round "7.120"]
[White "Gorse, Gerard"]
[Black "Thorfinnsson, Bragi"]
[Result "0-1"]
[WhiteElo "2050"]
[BlackElo "2417"]
[EventDate "2011.03.22"]
[PlyCount "42"]

1.c4 c5 2.b3 Nc6 3.Bb2 e5 4.Nc3 g6 5.g3 Bg7 6.Bg2 d6 7.e3 h5 8.h4 Bg4 9.f3
Be6 10.Nh3 Nh6 11.e4 f6 12.Nd5 Qd7 13.Nf2 Nf7 14.Nd3 g5 15.f4 gxf4 16.gxf4
Bg4 17.Bf3 f5 18.Bxg4 hxg4 19.exf5 Qxf5 20.Nf2 g3 21.Ng4 Qe4+ 0-1

[Event "12th EUR-ch"]
[Site "Aix-les-Bains FRA"]
[Date "2011.03.28"]
[Round "7.121"]
[White "Rindlisbacher, Lars"]
[Black "Telljohann, Sven"]
[Result "0-1"]
[WhiteElo "2202"]
[BlackElo "2415"]
[EventDate "2011.03.22"]
[PlyCount "78"]

1.e4 g6 2.d4 Bg7 3.Nc3 c6 4.f4 Qb6 5.Nf3 d5 6.e5 Bg4 7.Be2 Nh6 8.Na4 Qa5+ 
9.c3 Nf5 10.O-O e6 11.Bd2 O-O 12.h3 Bxf3 13.Rxf3 Nd7 14.c4 Qd8 15.Bb4 dxc4
16.Bxf8 Nxf8 17.Rf2 Qh4 18.Bg4 Rd8 19.Bxf5 exf5 20.Nc5 b6 21.Nb7 Rd5 22.
Qa4 Rxd4 23.Raf1 Ne6 24.Qxc6 Bf8 25.Nd6 Qd8 26.Ne8 Bc5 27.Nf6+ Kg7 28.Kh1 
Rd1 29.Ne8+ Kf8 30.Nd6 Rd3 31.Rf3 Rd2 32.Nxc4 Nd4 33.Qb7 Nxf3 34.Qxf3 Rd3 
35.Qc6 Qh4 36.Kh2 Bf2 37.Rxf2 Qxf2 38.Qa4 b5 39.Qb4+ Kg8 0-1

[Event "12th EUR-ch"]
[Site "Aix-les-Bains FRA"]
[Date "2011.03.28"]
[Round "7.122"]
[White "Sumets, Andrey"]
[Black "Donchenko, Alexander"]
[Result "1-0"]
[WhiteElo "2610"]
[BlackElo "2216"]
[EventDate "2011.03.22"]
[PlyCount "41"]

1.d4 d5 2.Nf3 Nf6 3.c4 e6 4.Nc3 dxc4 5.Qa4+ Nbd7 6.e4 c5 7.Bf4 Nh5 8.Be3 
Qb6 9.O-O-O cxd4 10.Nxd4 Bc5 11.Qxc4 Ne5 12.Qe2 Nf6 13.Na4 Qa5 14.Qb5+ 
Qxb5 15.Bxb5+ Bd7 16.Nxc5 Rc8 17.Bxd7+ Nexd7 18.Nb5 Ke7 19.Nd6 Rc7 20.Nxb7
Rhc8 21.Kb1 1-0

[Event "12th EUR-ch"]
[Site "Aix-les-Bains FRA"]
[Date "2011.03.28"]
[Round "7.123"]
[White "Boruchovsky, Avital"]
[Black "Kovacevic, Aleksandar"]
[Result "0-1"]
[WhiteElo "2285"]
[BlackElo "2598"]
[EventDate "2011.03.22"]
[PlyCount "126"]

1.e4 c5 2.c3 Nf6 3.e5 Nd5 4.d4 cxd4 5.cxd4 d6 6.Nf3 Nc6 7.Bc4 dxe5 8.dxe5 
Ndb4 9.Qb3 e6 10.O-O Na5 11.Bb5+ Bd7 12.Qa4 Bxb5 13.Qxb5+ Nac6 14.Nc3 a6 
15.Qe2 Qd3 16.Qd1 Rd8 17.Bg5 Be7 18.Bxe7 Qxd1 19.Rfxd1 Kxe7 20.Ne4 Nd3 21.
Nd6 Ncxe5 22.Nxe5 Nxe5 23.Nxb7 Rxd1+ 24.Rxd1 Rb8 25.Nc5 Rxb2 26.Nxa6 Rxa2 
27.Nc5 Rc2 28.Ne4 f5 29.Ng3 Ng4 30.Rf1 g6 31.h3 Ne5 32.Re1 Nd3 33.Re2 Rc1+
34.Kh2 Rd1 35.Ra2 h5 36.f3 h4 37.Ne2 Kf6 38.Ra4 Re1 39.Rd4 Nf2 40.Ng1 g5 
41.Rd2 Nd1 42.Re2 Rf1 43.Rd2 Ne3 44.Re2 Nd5 45.Rd2 Nf4 46.Rb2 Re1 47.Rb6 
Nd5 48.Rb2 Ne3 49.Rb4 Nf1+ 50.Kh1 Rd1 51.Rb2 Ke5 52.Rb5+ Kf4 53.Rb4+ Kg3 
54.Rb2 Nd2 55.Ra2 e5 56.Rc2 e4 57.fxe4 Kf2 58.Kh2 fxe4 59.Ra2 e3 60.Ra8 
Nf1+ 61.Kh1 e2 62.Rf8+ Ke3 63.Rf3+ Ke4 0-1

[Event "12th EUR-ch"]
[Site "Aix-les-Bains FRA"]
[Date "2011.03.28"]
[Round "7.124"]
[White "Lefebvre, Herve"]
[Black "Swiercz, Dariusz"]
[Result "1/2-1/2"]
[WhiteElo "2284"]
[BlackElo "2557"]
[EventDate "2011.03.22"]
[PlyCount "66"]

1.e4 c5 2.Nf3 e6 3.d4 cxd4 4.Nxd4 a6 5.Nc3 b5 6.g3 Bb7 7.Bg2 b4 8.Na4 Nf6 
9.O-O Bxe4 10.Bxe4 Nxe4 11.Re1 d5 12.c4 bxc3 13.Nxc3 Nxc3 14.Qh5 g6 15.Qe5
Ne4 16.Qxh8 Nd7 17.f3 Qf6 18.Qxf6 Nexf6 19.Bg5 Bc5 20.Rad1 Kf8 21.Kg2 Kg7 
22.Nc6 Bd6 23.Rc1 e5 24.a3 Re8 25.Nb4 a5 26.Bxf6+ Nxf6 27.Nxd5 Nxd5 28.
Rcd1 Rb8 29.Rxd5 Rxb2+ 30.Kh3 Bxa3 31.Rxa5 Bb4 32.Rb5 Rxh2+ 33.Kxh2 Bxe1 
1/2-1/2

[Event "12th EUR-ch"]
[Site "Aix-les-Bains FRA"]
[Date "2011.03.28"]
[Round "7.125"]
[White "Cherednichenko, Svetlana"]
[Black "Rapport, Richard"]
[Result "0-1"]
[WhiteElo "2278"]
[BlackElo "2540"]
[EventDate "2011.03.22"]
[PlyCount "104"]

1.d4 Nf6 2.Nf3 g6 3.c4 Bg7 4.Nc3 O-O 5.e4 d6 6.Be2 Na6 7.O-O e5 8.Be3 Ng4 
9.Bg5 f6 10.Bh4 Nh6 11.a3 c6 12.dxe5 dxe5 13.Qxd8 Rxd8 14.Rfd1 Be6 15.b4 
Nf7 16.Nd2 Nc7 17.c5 a5 18.Nc4 axb4 19.axb4 Rxa1 20.Rxa1 Rd4 21.Na5 Rxb4 
22.Rb1 Rxb1+ 23.Nxb1 Bc8 24.f3 Ne6 25.Bf2 Nd4 26.Bc4 Bf8 27.Nb3 Nxb3 28.
Bxb3 Be7 29.Nd2 Kf8 30.Nc4 Be6 31.Kf1 Nd8 32.Ke2 Ke8 33.Kd3 Kd7 34.Na5 Kc7
35.Nc4 Bf7 36.Na5 Be6 37.g3 h5 38.f4 Bh3 39.Ba2 Bf1+ 40.Kc3 Bg2 41.Kd3 Bh3
42.Be3 Ne6 43.Bb3 exf4 44.gxf4 f5 45.e5 Bg2 46.Kd2 Bd5 47.Bxd5 cxd5 48.Nb3
Kd7 49.Kc3 Bf8 50.Kd3 Bh6 51.Na5 Kc7 52.Kc3 h4 0-1

[Event "12th EUR-ch"]
[Site "Aix-les-Bains FRA"]
[Date "2011.03.28"]
[Round "7.126"]
[White "Brandenburg, Daan"]
[Black "Dubreuil, Julien"]
[Result "1-0"]
[WhiteElo "2527"]
[BlackElo "2265"]
[EventDate "2011.03.22"]
[PlyCount "73"]

1.e4 c5 2.c3 Nf6 3.e5 Nd5 4.Nf3 Nc6 5.Bc4 Nb6 6.Bb3 c4 7.Bc2 Qc7 8.Qe2 g5 
9.h3 Bg7 10.O-O Nxe5 11.Nxg5 d5 12.a4 Bd7 13.a5 Nc8 14.d4 cxd3 15.Bxd3 
Nxd3 16.Qxd3 h6 17.Nf3 e6 18.a6 Ne7 19.axb7 Qxb7 20.Re1 Qc7 21.Be3 e5 22.
Qd2 f5 23.b4 d4 24.cxd4 f4 25.Qc1 Qb7 26.Bd2 Rc8 27.Qd1 Rg8 28.Nc3 Rc6 29.
Ne4 Rg6 30.Nh4 Bh8 31.Nxg6 Rxg6 32.Qh5 Kd8 33.dxe5 Bf5 34.Qf3 Bxe5 35.Rad1
Bd4 36.Bxf4 Nc6 37.Nc5 1-0

[Event "12th EUR-ch"]
[Site "Aix-les-Bains FRA"]
[Date "2011.03.28"]
[Round "7.127"]
[White "Ravot, Sylvain"]
[Black "Potapov, Pavel"]
[Result "1/2-1/2"]
[WhiteElo "2268"]
[BlackElo "2474"]
[EventDate "2011.03.22"]
[PlyCount "134"]

1.e4 c5 2.Nf3 Nc6 3.d4 cxd4 4.Nxd4 e5 5.Nb5 d6 6.Be3 Nf6 7.Bg5 a6 8.Bxf6 
gxf6 9.N5c3 f5 10.Qh5 b5 11.Nd2 Nd4 12.Bd3 Bb7 13.Nf3 Nxf3+ 14.gxf3 Rg8 
15.Qxh7 Rg6 16.Qh3 Rh6 17.Qf1 Qa5 18.h4 d5 19.Kd1 dxe4 20.fxe4 Rd8 21.Kc1 
b4 22.Nd1 fxe4 23.Bc4 Rhd6 24.Ne3 Bh6 25.Qe2 Qc5 26.Bb3 a5 27.a3 Ba6 28.
Qh5 Bxe3+ 29.fxe3 Qxe3+ 30.Kb1 Qf4 31.Rg1 Kf8 32.axb4 axb4 33.Ra5 Rh6 34.
Qg5 Qxg5 35.hxg5 Rg6 36.Rxe5 Re8 37.Rf5 Re7 38.Re1 e3 39.Kc1 e2 40.c3 bxc3
41.bxc3 Rb6 42.Rf6 Rxb3 43.Rxa6 Kg7 44.Kd2 Rb2+ 45.Kd3 Re5 46.Rd6 Ra2 47.
Rd4 Kg6 48.Rg4 Rd5+ 49.Rd4 Rc5 50.Rxe2 Rxc3+ 51.Kxc3 Rxe2 52.Rd5 Rf2 53.
Kd3 Rf5 54.Rd6+ Kxg5 55.Ke3 Kg4 56.Rd8 f6 57.Rg8+ Rg5 58.Rf8 Re5+ 59.Kf2 
f5 60.Rg8+ Kf4 61.Ra8 Re4 62.Ra7 Rb4 63.Ra3 Rb2+ 64.Kf1 Kg4 65.Rc3 f4 66.
Ra3 f3 67.Ra8 Kg3 1/2-1/2

[Event "12th EUR-ch"]
[Site "Aix-les-Bains FRA"]
[Date "2011.03.28"]
[Round "7.128"]
[White "Delorme, Axel"]
[Black "Schnabel, Ralf"]
[Result "1-0"]
[WhiteElo "2458"]
[BlackElo "2262"]
[EventDate "2011.03.22"]
[PlyCount "45"]

1.e4 d5 2.exd5 Qxd5 3.Nc3 Qd6 4.d4 Nf6 5.Nf3 c6 6.Ne5 Nbd7 7.Nc4 Qc7 8.a4 
Nb6 9.Ne5 Nbd5 10.Nxd5 cxd5 11.Bb5+ Bd7 12.Bf4 Bxb5 13.axb5 Qb6 14.c4 dxc4
15.Nxc4 Qxb5 16.Qe2 Qd5 17.O-O Qh5 18.Qc2 Qb5 19.Ra5 Qc6 20.Rc5 Qa6 21.Ne5
Rd8 22.Rc8 Qe6 23.Rc1 1-0

[Event "12th EUR-ch"]
[Site "Aix-les-Bains FRA"]
[Date "2011.03.28"]
[Round "7.129"]
[White "Codenotti, Marco"]
[Black "Schroll, Gerhard"]
[Result "1/2-1/2"]
[WhiteElo "2262"]
[BlackElo "2449"]
[EventDate "2011.03.22"]
[PlyCount "117"]

1.e4 c6 2.d4 d5 3.Nc3 dxe4 4.Nxe4 Bf5 5.Ng3 Bg6 6.h4 h6 7.Nf3 Nd7 8.h5 Bh7
9.Bd3 Bxd3 10.Qxd3 e6 11.Bd2 Ngf6 12.O-O-O Be7 13.Ne4 Nxe4 14.Qxe4 Nf6 15.
Qd3 c5 16.Bc3 cxd4 17.Qb5+ Qd7 18.Nxd4 Qxb5 19.Nxb5 O-O 20.Bxf6 Bxf6 21.c4
Rfc8 22.Nd6 Rc7 23.b3 a6 24.a4 Be7 25.Kc2 Rd8 26.Ne4 Rxd1 27.Rxd1 f5 28.
Nd2 Kf7 29.f4 Bd6 30.g3 Bc5 31.Nf3 Bf2 32.Ne5+ Ke7 33.Rd3 b5 34.Rd2 Be1 
35.Re2 Ba5 36.axb5 axb5 37.b4 Bxb4 38.Kb3 Bd6 39.cxb5 Rc1 40.Nc6+ Kd7 41.
Re3 Rb1+ 42.Kc4 Rc1+ 43.Rc3 Rxc3+ 44.Kxc3 Bc5 45.Ne5+ Kd6 46.Nd3 Kd5 47.
Nb4+ Ke4 48.Kc4 Bb6 49.Nd3 Kf3 50.Nc5 Kxg3 51.Nxe6 Kg4 52.Kd3 Kxh5 53.
Nxg7+ Kg4 54.Ke2 Kxf4 55.Nxf5 h5 56.Kf1 Kf3 57.Nh4+ Kg3 58.Nf5+ Kf3 59.
Nh4+ 1/2-1/2

[Event "12th EUR-ch"]
[Site "Aix-les-Bains FRA"]
[Date "2011.03.28"]
[Round "7.130"]
[White "Vernay, Clovis"]
[Black "Nakar, Eylon"]
[Result "1-0"]
[WhiteElo "2449"]
[BlackElo "2256"]
[EventDate "2011.03.22"]
[PlyCount "50"]

1.d4 Nf6 2.c4 g6 3.f3 Bg7 4.e4 d6 5.Nc3 O-O 6.Bg5 a6 7.Qd2 Nbd7 8.Nh3 c5 
9.d5 b5 10.cxb5 Qa5 11.Nf2 Nb6 12.Nfd1 axb5 13.Nxb5 Bd7 14.Nbc3 e6 15.dxe6
Bxe6 16.Be2 d5 17.exd5 Nfxd5 18.Nxd5 Nxd5 19.Qxa5 Rxa5 20.a3 Rb8 21.Rc1 
Bxb2 22.Nxb2 Rxb2 23.Ra1 c4 24.Bd2 c3 25.Bh6 Ne7 1-0

[Event "12th EUR-ch"]
[Site "Aix-les-Bains FRA"]
[Date "2011.03.30"]
[Round "8.1"]
[White "Wojtaszek, Radoslaw"]
[Black "Potkin, Vladimir"]
[Result "1/2-1/2"]
[WhiteElo "2711"]
[BlackElo "2653"]
[EventDate "2011.03.22"]
[PlyCount "76"]

1.d4 d5 2.c4 c6 3.Nc3 Nf6 4.e3 e6 5.Nf3 Nbd7 6.Bd3 dxc4 7.Bxc4 b5 8.Bd3 
Bd6 9.O-O O-O 10.Qc2 Bb7 11.a3 a5 12.e4 e5 13.dxe5 Nxe5 14.Nxe5 Bxe5 15.h3
Ba6 16.Rb1 Re8 17.Rd1 Qe7 18.b4 axb4 19.axb4 Rac8 20.Ne2 Bb8 21.Nd4 c5 22.
bxc5 Qe5 23.Nf3 Qxc5 24.Qa2 Bb7 25.Ba3 Qa7 26.Bxb5 Red8 27.Rxd8+ Rxd8 28.
e5 Bxf3 29.exf6 Bd6 30.Ra1 Bxa3 31.Qxa3 Qxa3 32.Rxa3 Be4 33.Rg3 Bg6 34.h4 
Rd1+ 35.Kh2 Rd4 36.fxg7 Rxh4+ 37.Rh3 Rxh3+ 38.Kxh3 Kxg7 1/2-1/2

[Event "12th EUR-ch"]
[Site "Aix-les-Bains FRA"]
[Date "2011.03.30"]
[Round "8.2"]
[White "Khismatullin, Denis"]
[Black "Vitiugov, Nikita"]
[Result "0-1"]
[WhiteElo "2662"]
[BlackElo "2720"]
[EventDate "2011.03.22"]
[PlyCount "74"]

1.d4 d5 2.c4 c6 3.Nc3 dxc4 4.e4 b5 5.a4 b4 6.Nb1 Ba6 7.Qc2 Nf6 8.Nd2 e6 9.
Bxc4 Bxc4 10.Qxc4 c5 11.Ngf3 Nbd7 12.O-O cxd4 13.e5 Nd5 14.Nb3 Be7 15.Qxd4
Qc7 16.Qe4 Rc8 17.Nbd4 O-O 18.Bd2 Qc4 19.Rfd1 Nc5 20.Qg4 Rfd8 21.Bh6 Bf8 
22.Bg5 Rd7 23.h3 b3 24.Nd2 Qb4 25.N4xb3 Qxg4 26.hxg4 Nd3 27.Nf3 Nxb2 28.
Rdb1 Nd3 29.Nbd2 h6 30.Bh4 Nc3 31.Rb3 Nxe5 32.Nxe5 Rxd2 33.Rb7 g5 34.Bg3 
Ne2+ 35.Kf1 Nxg3+ 36.fxg3 Rcc2 37.Rxf7 Bg7 0-1

[Event "12th EUR-ch"]
[Site "Aix-les-Bains FRA"]
[Date "2011.03.30"]
[Round "8.3"]
[White "Feller, Sebastien"]
[Black "Vallejo Pons, Francisco"]
[Result "1/2-1/2"]
[WhiteElo "2657"]
[BlackElo "2707"]
[EventDate "2011.03.22"]
[PlyCount "40"]

1.d4 d5 2.c4 c6 3.Nc3 Nf6 4.e3 e6 5.Nf3 Nbd7 6.Qc2 Bd6 7.Bd3 dxc4 8.Bxc4 
b5 9.Be2 Bb7 10.O-O a6 11.e4 e5 12.dxe5 Nxe5 13.Nxe5 Bxe5 14.Be3 O-O 15.f4
Bd4 16.Bxd4 Qxd4+ 17.Kh1 b4 18.e5 bxc3 19.bxc3 Qd8 20.exf6 Qxf6 1/2-1/2

[Event "12th EUR-ch"]
[Site "Aix-les-Bains FRA"]
[Date "2011.03.30"]
[Round "8.4"]
[White "Korobov, Anton"]
[Black "Zhigalko, Sergei"]
[Result "1/2-1/2"]
[WhiteElo "2647"]
[BlackElo "2680"]
[EventDate "2011.03.22"]
[PlyCount "240"]

1.d4 Nf6 2.c4 e6 3.Nf3 b6 4.a3 Ba6 5.Qc2 Bb7 6.Nc3 c5 7.e4 cxd4 8.Nxd4 d6 
9.Be2 Nbd7 10.O-O Rc8 11.Rd1 a6 12.Be3 Be7 13.f4 O-O 14.Rac1 Qc7 15.f5 e5 
16.Nb3 h6 17.Qb1 Bc6 18.Nd2 Qb7 19.b4 b5 20.a4 Qa8 21.axb5 axb5 22.cxb5 
Bb7 23.Qb3 d5 24.Ra1 Rxc3 25.Qxc3 d4 26.Rxa8 dxc3 27.Ra7 Rb8 28.Nc4 Bxb4 
29.Rb1 Bf8 30.Bf3 Nc5 31.Nxe5 Nfxe4 32.Rb4 Bd5 33.Rd4 Rxb5 34.Rxd5 Rb1+ 
35.Rd1 c2 36.Rf1 Nb3 37.Bxe4 Bc5 38.Ra8+ Kh7 39.f6+ g6 40.g3 Bxe3+ 41.Kg2 
Rxf1 42.Bxc2 Rf2+ 43.Kh3 Rxc2 44.Nxf7 g5 45.Ne5 h5 46.f7 g4+ 47.Nxg4 hxg4+
48.Kxg4 Bh6 49.f8=Q Bxf8 50.Rxf8 Rxh2 51.Rf7+ Kg8 52.Ra7 Nc5 53.Kg5 Ne6+ 
54.Kf5 Nf8 55.g4 Rf2+ 56.Kg5 Rd2 57.Kf5 Rd5+ 58.Ke4 Rb5 59.Kf4 Ne6+ 60.Kg3
Ng5 61.Kf4 Rc5 62.Rb7 Ra5 63.Rd7 Ne6+ 64.Kg3 Ng5 65.Kf4 Nf7 66.Rb7 Ra4+ 
67.Kg3 Kg7 68.Rb5 Nd6 69.Rb6 Ne4+ 70.Kf3 Nf6 71.g5 Nh7 72.Ke3 Nxg5 73.Kd3 
Kf7 74.Kc3 Ne6 75.Rb4 Ra5 76.Rb6 Kf6 77.Kb4 Rh5 78.Rb5 Rh4+ 79.Kc3 Nf4 80.
Kc4 Ke6 81.Rb1 Nd5+ 82.Kc5 Ne3 83.Rb4 Rh5+ 84.Kc6 Re5 85.Rb5 Nd5 86.Rc5 
Rh5 87.Rc1 Nb4+ 88.Kb6 Kd6 89.Rd1+ Nd5+ 90.Kb5 Rh4 91.Rc1 Rb4+ 92.Ka5 Rb8 
93.Ka4 Ke5 94.Rh1 Nc3+ 95.Ka3 Kd4 96.Rh4+ Kd3 97.Rh3+ Kc4 98.Rh4+ Kd5 99.
Rd4+ Ke5 100.Rh4 Ne2 101.Rb4 Rc8 102.Rh4 Kd5 103.Kb4 Rb8+ 104.Ka5 Nc3 105.
Rh5+ Kc6 106.Rh6+ Kc5 107.Rh5+ Nd5 108.Ka4 Rb7 109.Ka3 Kc4 110.Rh4+ Kd3 
111.Rh3+ Ne3 112.Ka4 Rb1 113.Ka5 Kd4 114.Rh4+ Kc5 115.Rh5+ Nd5 116.Ka4 
Rb4+ 117.Ka3 Rg4 118.Rh8 Rg3+ 119.Kb2 Nb6 120.Kc2 Nd5 1/2-1/2